00367nam a2200133Ia 4500003000400000008004100004040001600045082001800061245003800079260005300117300001000170650001700180650003600197GCL140319s9999 xx 000 0 eng d aGCL / cGCL04aREFb031bL C10aTHE CONCISE COLUMBIA ENCYCLOPEDIA a[S.N] : bMACMILLAN PUBLISHING COMPANY ، c1983 a943 P04aDICTIONARIES04aDICTIONARIES - ENGLISH - FRENCH